00386nam a2200145Ia 4500008004100000020001500041041001200056100001800068245007700086250000800163260002500171300000800196650001500204700002100219221030s9999 xx 000 0 und d a8120346567 aEnglish aN. M. Singhvi 0aManagement Accounting : Text & Casescby N. M. Singhvi, R. J. Bodhanwala a2nd bPHIaNew Delhic2015 a479 aManagement aR. J. Bodhanwala